| 000 | 00422nam a22001577a 4500 | ||
|---|---|---|---|
| 020 | _a9788126511167 | ||
| 040 | _cNUST | ||
| 082 | _a006.4 DUD | ||
| 100 |
_aDuda, Richard. O, _995532 |
||
| 110 |
_aHart, Peter. E. Stork, David.G _9112077 |
||
| 245 | _aPattern Classification | ||
| 250 | _a2nd Edition | ||
| 260 |
_aNew Delhi: _bJohn Wiley & Sons, _c2014. |
||
| 650 |
_aPattern Classification _965711 |
||
| 942 |
_2ddc _cBK |
||
| 999 |
_c594644 _d594644 |
||